Dictionary of medical acronyms & abbreviations / (Record no. 8522)
[ view plain ]
| 000 -LEADER | |
|---|---|
| fixed length control field | 00879cam a22002414a 4500 |
| 001 - CONTROL NUMBER | |
| control field | 13617276 |
| 005 - DATE AND TIME OF LATEST TRANSACTION | |
| control field | 20251209145811.0 |
| 008 - FIXED-LENGTH DATA ELEMENTS--GENERAL INFORMATION | |
| fixed length control field | 040607s2004 pau 000 0 eng |
| 020 ## - INTERNATIONAL STANDARD BOOK NUMBER | |
| International Standard Book Number | 1560536322 |
| 020 ## - INTERNATIONAL STANDARD BOOK NUMBER | |
| International Standard Book Number | 9781560536321 |
| 050 00 - LIBRARY OF CONGRESS CALL NUMBER | |
| Classification number | R123 |
| Item number | .J24 2004 |
| 082 00 - DEWEY DECIMAL CLASSIFICATION NUMBER | |
| Classification number | 610/.1/48 |
| Edition information | 22 |
| 245 00 - TITLE STATEMENT | |
| Title | Dictionary of medical acronyms & abbreviations / |
| Statement of responsibility, etc. | compiled and edited by Stanley Jablonski. |
| 250 ## - EDITION STATEMENT | |
| Edition statement | 5th ed. |
| 260 ## - PUBLICATION, DISTRIBUTION, ETC. | |
| Place of publication, distribution, etc. | Philadelphia, PA : |
| Name of publisher, distributor, etc. | Saunders, |
| Date of publication, distribution, etc. | 2004. |
| 300 ## - PHYSICAL DESCRIPTION | |
| Extent | ix, 523 p. ; |
| Dimensions | 19 cm. + |
| Accompanying material | 1 CD-ROM (3 1/4 in.) |
| 500 ## - GENERAL NOTE | |
| General note | Rev. ed. of: Dictionary of medical acronyms and abbreviations. Philadelphia : Hanley & Belfus, c2001. |
| 650 #0 - SUBJECT ADDED ENTRY--TOPICAL TERM | |
| Topical term or geographic name entry element | Medicine |
| General subdivision | Abbreviations. |
| 650 #0 - SUBJECT ADDED ENTRY--TOPICAL TERM | |
| Topical term or geographic name entry element | Medicine |
| General subdivision | Acronyms. |
| 700 1# - ADDED ENTRY--PERSONAL NAME | |
| Personal name | Jablonski, Stanley. |
| 856 42 - ELECTRONIC LOCATION AND ACCESS | |
| Materials specified | Book review (E-STREAMS) |
| Uniform Resource Identifier | <a href="http://www.e-streams.com/es0902/es0902_4374.html">http://www.e-streams.com/es0902/es0902_4374.html</a> |
| 942 ## - ADDED ENTRY ELEMENTS (KOHA) | |
| Source of classification or shelving scheme | Library of Congress Classification |
| Koha item type | Books |
| Edition | 5th ed. |
| Suppress in OPAC | No |
| 999 ## - | |
| -- | 8522 |
| -- | 8522 |
| Withdrawn status | Lost status | Source of classification or shelving scheme | Damaged status | Not for loan | Collection | Home library | Current library | Shelving location | Date acquired | Total checkouts | Full call number | Barcode | Date last seen | Copy number | Price effective from | Koha item type |
|---|---|---|---|---|---|---|---|---|---|---|---|---|---|---|---|---|
| Library of Congress Classification | Non-fiction | Science Library (Miotso) | Science Library (Miotso) | Reference | 12/09/2025 | R123 .J24 DIC | SLM00006547 | 12/09/2025 | 1 | 12/09/2025 | Books |